| 000 | 01423nam a2200289 a 4500 | ||
|---|---|---|---|
| 001 | BRCA_2456 | ||
| 005 | 20190320203823.0 | ||
| 008 | 181108s1827----fr-#---###---#000-0dspa-u | ||
| 041 | _afr | ||
| 044 | _aspa | ||
| 084 |
_a096 _b.C676 _c1827 |
||
| 100 | 1 |
_aCervantes Saavedra, Miguel de _d1547-1616 _9213 |
|
| 245 | 1 | 0 |
_aEl Ingenioso Hidalgo Don Quijote de la Mancha _ccompuesto por Miguel de Cervantes Saavedra. |
| 260 |
_aParís _bCormon y Blanc _c1827 |
||
| 300 |
_a3 v. _c14 cm. |
||
| 500 | _aContenido : v 1. Primera parte. Vida y obra de Cervantes por Quintana. Dedicatoria. Prólgo del autor. Versos preliminares. Texto. -- v 2. Texto. Segunda parte. Dedicatoria. Prólogo del autor. Texto. -- v 3. Texto | ||
| 500 | _aEstá arreglada conforme a las ediciones de Burdeos y de Lyon, impresas en 1804 y 1810, respectivamente. Contiene breve Vida de Cervantes, escrita por M. Quintana. La impresión aceptable de tipos pequeños. Lomeras adornadas con florones dorados Lúdovik Osterc | ||
| 500 | _aQM81 | ||
| 650 | 1 | 4 |
_aNovela española _yÉpoca clásica, 1500-1700 _9215 |
| 650 | 1 | 4 |
_aLiteratura española _yÉpoca clásica, 1500-1700 _9216 |
| 650 | 1 | 4 |
_aNovela española _ySiglo XVII _9217 |
| 650 | 1 | 4 |
_aDon Quijote (Personaje ficticio) _eNovela _9218 |
| 700 | 1 |
_aQuintana, José Manuel _d1772-1857 _eBiógrafo _97157 |
|
| 740 | 0 | _aEl Ingenioso Hidalgo Don Quijote de la Mancha | |
| 902 | _aQFM | ||
| 942 |
_2lcc _cB |
||
| 999 |
_c2197 _d2197 |
||